000 00696nam a2200193 i 4500
001 30039
003 ES-MaACL
005 20230906154129.0
007 t|
008 030123s1881 po |||| |bpor d
080 _a929 Magallanes, Fernando de
100 1 _aBarros Arana, Diego.
_926053
245 1 0 _aVida e viagens de Fernão de Magalhães /
_cpor Diego de Barros Arana ; traducçao do hespanhol de Fernando de Magalhaes Villas-Boas.
260 _aLisboa :
_b[s.n.,
_c1881] (
_fTyp. da Academia Real das Sciences)
300 _a192 p. ;
_c24 cm.
600 1 4 _aMagallanes, Fernando de (
_dm. 1521)
_9143242
700 1 _aMagalhaes Villas-Boas, Fernande de.
_975437
852 4 _aES-MaACL
_jG-8468
999 _c30039
_d30039